Towards Multiparty Politics in Tanzania: (Record no. 4442)
[ view plain ]
| 000 -LEADER | |
|---|---|
| fixed length control field | 00491nam a22001457a 4500 |
| 008 - FIXED-LENGTH DATA ELEMENTS--GENERAL INFORMATION | |
| fixed length control field | 161104b xxu||||| |||| 00| 0 eng d |
| 020 ## - INTERNATIONAL STANDARD BOOK NUMBER | |
| International Standard Book Number | 9976 60 199 9 |
| 082 ## - DEWEY DECIMAL CLASSIFICATION NUMBER | |
| Classification number | 320.096'78 MMU |
| 100 ## - MAIN ENTRY--PERSONAL NAME | |
| Personal name | Mmuya, Max.- |
| 245 ## - TITLE STATEMENT | |
| Title | Towards Multiparty Politics in Tanzania: |
| Remainder of title | A Spectrum of the Current Opposition and the CCM Response/ |
| Statement of responsibility, etc. | Max Mmuya, Amon Chaligha.- |
| Medium | English. |
| 260 ## - PUBLICATION, DISTRIBUTION, ETC. (IMPRINT) | |
| Place of publication, distribution, etc. | Dar Es Salaam: |
| Name of publisher, distributor, etc. | University Press, |
| Date of publication, distribution, etc. | 1992. |
| 300 ## - PHYSICAL DESCRIPTION | |
| Extent | 167p.; |
| Dimensions | 21cm.- |
| 650 ## - SUBJECT ADDED ENTRY--TOPICAL TERM | |
| Source of heading or term | Politics |
| 942 ## - ADDED ENTRY ELEMENTS (KOHA) | |
| Source of classification or shelving scheme | Dewey Decimal Classification |
| Koha item type | BOOKS |
| Withdrawn status | Lost status | Source of classification or shelving scheme | Damaged status | Not for loan | Home library | Current library | Date acquired | Total Checkouts | Full call number | Barcode | Date last seen | Price effective from | Koha item type |
|---|---|---|---|---|---|---|---|---|---|---|---|---|---|
| Dewey Decimal Classification | Dodoma | Dodoma | 04/11/2016 | 320.096'78 MMU | 10000000121 | 29/07/2019 | 04/11/2016 | BOOKS |
